000 01841nam a22004817a 4500
001 000097528
003 CHAP
005 20220329143243.0
008 070926s2007 mx b r 00010 spa d
010 _a93994
011 _a94966
035 _a105569
040 _cCHAP
090 _aTesis
100 1 _aChan Yam, Laureana B.
_921814
245 1 0 _aValoración Económica del agua para conocer la disponibilidad de pago en comunidades presentes en ÁPFF Sierra Álamos - Rio Cuchujaqui, Álamos, Sonora /
_c/por Laureana B. Chan Yam y Laura Ruiz Pérez.
260 _aChapingo, Méx. :
_bEl autor,
_c2007.
300 _a138 h. :
_bgráfs. ; cuadros ; mapas ; anexos.
502 _aTesis (Ing. en Recursos Naturales Renovables.) -- UACH. Departamento de Suelos.
590 _aALEPH
_b10
_c20130110
_lUCH01
_h1519
590 _aBATCH-UPD
_b10
_c20130110
_lUCH01
_h0236
590 _aBATCH-UPD
_b10
_c20130110
_lUCH01
_h0830
590 _aBATCH-UPD
_b10
_c20130409
_lUCH01
_h2301
590 _aBATCH-UPD
_b10
_c20130913
_lUCH01
_h2235
590 _aBATCH-UPD
_b10
_c20140324
_lUCH01
_h1504
590 _aBATCH-UPD
_b10
_c20141002
_lUCH01
_h0834
590 _aCONVERSION
_b10
_c20130109
_lUCH01
_h1352
590 _aE11695DGD
_b10
_c20141024
_lUCH01
_h1313
650 1 4 _aAgua.
_92222
650 1 4 _aAgua
_xAbastecimiento
_xCostos.
_92238
650 1 4 _aAgua
_xAbastecimiento
_xCostos.
_92238
650 1 4 _aAgua
_xAbastecimiento
_xSonora.
_92262
650 1 4 _aComunidades rurales.
_926254
650 1 4 _aEcosistema.
_935290
650 1 4 _aRecursos naturales
_xSonora.
_995316
700 1 _aRuiz Pérez, Laura.
_9100759
901 _aBK
905 _aLuisgm
942 _cFOLL
942 _n0
949 _aTesis
_bBC
_cTES
_d33724002039405
_eTS1
_gDonaciØn
_h47044
_i105569
_sb
949 _aTesis
_bBC
_cTES
_d33724002039413
_eTS2
_fc.2
_gDonaciØn
_h47045
_i105569
_si
999 _c93994
_d93994